<The> Cultural Landscape <An> Introduction to Human Geography
Guardado en:
| Autor principal: | |
|---|---|
| Formato: | Libro |
| Lenguaje: | inglés |
| Publicado: |
Columbus
Merrill Publ. Co.
1989
|
| Edición: | 2. ed. |
| Materias: | |
| Etiquetas: |
Sin Etiquetas, Sea el primero en etiquetar este registro!
|
MARC
| LEADER | 00000nam a2200000 4500 | ||
|---|---|---|---|
| 001 | c004012 | ||
| 005 | 20221206131239.2 | ||
| 020 | |a 0-675-20950-1 | ||
| 041 | 0 | |a eng | |
| 044 | |a US | ||
| 245 | 1 | 0 | |a <The> Cultural Landscape |b <An> Introduction to Human Geography |c James M. Rubenstein |
| 250 | |a 2. ed. | ||
| 264 | 1 | |a Columbus |b Merrill Publ. Co. |c 1989 | |
| 300 | |a 506 s. | ||
| 610 | 2 | 0 | |a geografia |
| 610 | 2 | 0 | |a populácia |
| 610 | 2 | 0 | |a migrácia |
| 610 | 2 | 0 | |a jazykoveda |
| 610 | 2 | 0 | |a náboženstvo |
| 610 | 2 | 0 | |a politika |
| 610 | 2 | 0 | |a rozvoj hospodársky |
| 610 | 2 | 0 | |a poľnohospodárstvo |
| 610 | 2 | 0 | |a priemysel |
| 610 | 2 | 0 | |a urbanizácia |
| 100 | 1 | |a Rubenstein, James M. | |